Statistiques concernant Trouve les paroles - Reine - Dadju

Cliquez ici pour prendre le quiz!

Statistiques générales

  • Ce quiz a été pris 1 714 fois
  • Le résultat moyen est 305 sur 433

Statistiques - réponses

Réponse% Correct
à
98%
a
98%
je
98%
Je
98%
au
94%
Au
94%
ta
93%
te
92%
de
91%
Et
90%
la
90%
90%
ma
90%
suis
88%
peau
87%
si
87%
dormir
86%
regardé
86%
toi
86%
me
85%
pas
85%
pour
85%
fatigué
84%
plus
84%
reine
84%
tout
84%
Aujourd'hui
83%
nuit
83%
t'ai
83%
le
82%
se
82%
chanterai
81%
t'en
81%
toute
81%
voix
81%
peut
80%
C'est
78%
c'est
78%
rang
78%
tu
77%
sais
76%
Dadju
74%
est
74%
fais
74%
Fais
74%
j'ai
73%
J'ai
73%
t'apaiser
73%
dire
72%
lui
72%
mon
72%
qui
72%
t'élever
72%
quand
71%
Quand
71%
temps
71%
confiance
70%
semblant
70%
souris
69%
qu'il
67%
sang
67%
va
66%
y
66%
comme
65%
j'peux
65%
longtemps
65%
besoin
64%
d'attendre
64%
nous
63%
sur
63%
m'passer
61%
d'partager
60%
t'entends
60%
eux
59%
jaloux
59%
les
59%
l'huile
59%
J'vais
58%
moi
58%
sont
58%
deux
57%
pis
57%
s'il
57%
passais
56%
tant
56%
du
55%
glisser
55%
douloureux
54%
mi
54%
ne
54%
faut
53%
Mais
53%
savoir
53%
que
52%
encaisser
51%
s'ils
51%
S'ils
51%
on
50%
On
50%
parlé
50%
avec
49%
Ça
49%
facile
49%
coeur
48%
mots
48%
Assez
47%
compliqué
47%
bout
46%
dans
46%
moment
46%
pines-co
45%
amor
44%
d'un
44%
y'a
44%
même
43%
mort
43%
aller
42%
l'amour
42%
mis
42%
trouver
42%
délaissé
40%
laisserai
40%
contre
39%
dit
39%
sort
39%
Celui
38%
J'te
38%
Oh oh ah
38%
trompé
38%
coups
37%
qu'on
37%
s'est
37%
tort
37%
vais
37%
envieux
34%
battra
33%
qu'ils
32%
sera
31%
ceux
29%
Hey
29%
mieux
29%
vieux
29%
des
28%
Ferme
28%
porte
28%
font
27%
leur
27%
paume
26%
d'être
25%
empêcher
25%
redemandent
22%
seysey
22%
Laisse-moi
13%
Mmh hé
1%

Distribution des résultats

Percentile par nombre de réponses

% des personnes avec chaque résultat

Votre développement - résultats

Vous n’avez pas pris ce quiz